Selección de medidas para control de inundaciones : curvas de daños
Uloženo v:
| Hlavní autor: | |
|---|---|
| Médium: | Kniha |
| Vydáno: |
San José, Costa Rica
1993
|
| Témata: | |
| Tagy: |
Přidat tag
Žádné tagy, Buďte první, kdo vytvoří štítek k tomuto záznamu!
|
MARC
| LEADER | 00000nam a2200000Ia 4500 | ||
|---|---|---|---|
| 003 | 006017 | ||
| 005 | 20221231144317.0 | ||
| 008 | 140114s1993 cr a m 000 ||s d | ||
| 040 | |c cru CEDI | ||
| 090 | |a TFG 3720 | ||
| 100 | |a Leandro Ulloa, Rubén Alfredo |9 12146 | ||
| 245 | |a Selección de medidas para control de inundaciones : curvas de daños | ||
| 260 | |c 1993 |a San José, Costa Rica | ||
| 300 | |a 106 hojas : ilustraciones ; 28 cm. | ||
| 500 | |a Proyecto de graduación (licenciatura en ingeniería civil)--Universidad de Costa Rica. Facultad de Ingeniería. Escuela de Ingeniería Civil | ||
| 650 | |x CONTROL DE INUNDACIONES |9 12147 | ||
| 942 | |c TFG | ||
| 999 | |c 19963 |d 19963 | ||
